000 00424nam a2200157 i 4500
001 74312
003 ES-MaACL
005 20230906172103.0
007 t|
008 040917s1961 sp ||||1| spa d
100 1 _aGonzález Garcés, Miguel.
_958644
245 1 0 _aAlrededor del mar /
_cMiguel González Garcés.
260 _aMadrid :
_bAgora,
_c[1961]
300 _a79 p. ;
_c25 cm.
852 _aES-MaACL
_jF-6285
_bR.48100
999 _c74312
_d74312